Sports Quiz

Random Sports or Cricket Quiz

Cricket: Best Opening Partners Quiz Stats

Quiz not verified by Sporcle

Challenge
Share
Tweet
Embed
Score 0/55 Timer 10:00
0 Plays Today
Runs Player #1 % Correct
5655Matthew Hayden
95.2%
1045Matthew Hayden
95.2%
4711Alastair Cook
91.4%
6482Gordon Greenidge
82.3%
2983Herschelle Gibbs
76.7%
3887Michael Slater
74%
2487Marcus Trescothick
73%
2670Andrew Strauss
73%
4412Gautam Gambhir
71.8%
2501Mike Atherton
69.6%
1297Mike Atherton
69.6%
1233Devon Smith
62.8%
3249Jack Hobbs
62%
1930Alec Stewart
61.1%
2304Gary Kirsten
60.3%
4469Marvan Atapattu
59.6%
1539Chris Rogers
54.2%
2880Len Hutton
48.1%
1754Geoff Boycott
48.1%
1871David Boon
46.2%
1980Geoff Marsh
43.9%
1523Simon Katich
42.6%
1300Chris Gayle
42.4%
3596Bill Lawry
41.5%
1722Sunil Gavaskar
36.6%
1664Neil McKenzie
32.3%
1506Tillakaratne Dilshan
32.1%
1672John Edrich
31%
Runs Player #1 % Correct
1563Aamer Sohail
29.7%
1107Mark Butcher
29.2%
1489Tamim Iqbal
27.9%
2057Mohsin Khan
27.8%
1391Majid Khan
27.6%
2113Alviro Petersen
27.5%
1256Ed Cowan
25.9%
1646AB de Villiers
25.5%
1031Wasim Jaffer
25.3%
1289Andrew Hudson
21.9%
1593Roy Fredericks
20.7%
1954Daren Ganga
20.1%
3010Chetan Chauhan
19.1%
1469Kris Srikkanth
17.1%
1655Bruce Edgar
16.5%
2146Wilfred Rhodes
15.3%
1438Mohammad Hafeez
13.9%
1147Phil Simmons
13.5%
1054Roshan Mahanama
13.4%
1302Keith Stackpole
11%
1806Eddie Barlow
8.3%
1020Bill Brown
6.5%
1543Trevor Franklin
6.1%
1349Allan Rae
6.1%
1171Bob Barber
5.2%
1151Jim Burke
4%
1038Jackie McGlew
4%

You're not logged in!

Compare scores with friends on all Sporcle quizzes.
Join for Free
OR
Log In

You Might Also Like...

Show Comments

Extras

Top Quizzes Today


Score Distribution

Your Account Isn't Verified!

In order to create a playlist on Sporcle, you need to verify the email address you used during registration. Go to your Sporcle Settings to finish the process.

Report this User

Report this user for behavior that violates our Community Guidelines.

Details: